| 000 | 00442nam a22001577a 4500 | ||
|---|---|---|---|
| 005 | 20240716043906.0 | ||
| 008 | 240716b |||||||| |||| 00| 0 eng d | ||
| 082 |
_222 _a200 _bREL |
||
| 100 | _aTariq, Farooq | ||
| 245 |
_aReligious Fundamentalism in South Asia _bStrategies to Counter its Rise _cFarooq, Tariq |
||
| 260 |
_aLahore _bSamaj Publishers _c2016 |
||
| 300 | _a109 p ., | ||
| 650 | _aReligion | ||
| 650 | _aFundamentalism | ||
| 942 | _cL | ||
| 999 |
_c5911 _d5911 |
||